| 000 | 01025nam a22002417a 4500 | ||
|---|---|---|---|
| 001 | 14514 | ||
| 003 | BD-JhCC | ||
| 005 | 20260127133950.0 | ||
| 008 | 260127b |||||||| |||| 00| 0 eng d | ||
| 020 | _a9789849352501 | ||
| 035 | _a(BD-JhCC) 14514 | ||
| 040 |
_aBD-JhCC _dBD-JhCC |
||
| 041 | _aBangla | ||
| 082 |
_223 _a954.025092 _bJAJ 2018 |
||
| 100 | _aজালালউদ্দীন বিশ্বাস, মোহম্মদ | ||
| 245 |
_aমোগল সম্রাট আওরঙ্গজেব / _cমোহম্মদ জালালউদ্দীন বিশ্বাস |
||
| 260 |
_aঢাকাঃ _bজ্ঞানকোষ প্রকাশনী, _c২০১৮ |
||
| 300 |
_a৭৯ পৃ.; _c২২ সেমি. _eপেপার বাইণ্ডিং |
||
| 650 | _aভারত উপমহাদেশের ইতিহাস | ||
| 650 | _aমোগল যুগ | ||
| 650 | _aআওরঙ্গজেব এর শাসনকাল (১৬৫৮–১৭০৭) | ||
| 942 |
_2ddc _cBK |
||
| 999 |
_c14514 _d14514 |
||